| 000 | 01049aam a2200325 4500 | ||
|---|---|---|---|
| 999 |
_c46760 _d46760 |
||
| 001 | 20409 | ||
| 003 | CO-MdFUSB | ||
| 005 | 20190202100330.0 | ||
| 008 | 170526t2010 xxu||||f |||| 00| 0 eng d | ||
| 020 | _a978-0-8006-9716-7 | ||
| 040 |
_aCO-MdFUSB _bspa _cCO-MdFUSB _dCO-MdFUSB _erda |
||
| 041 | _aeng | ||
| 082 |
_224 _aG 222.507 _bSO724s |
||
| 100 | 1 | _aLeuchter, Mark., (Editor) | |
| 245 | 1 | 0 |
_aSoundings in Kings _b: Perspectives and methods in contemporary scholarship _c/ Editado por Mark Leuchter, Klaus-Peter Adam |
| 264 | 1 |
_aMinneapolis, Minnesota : _bFortress Press, _c℗2010 |
|
| 264 | 4 | _c©2010 | |
| 300 | _a219 páginas | ||
| 336 |
_2rdacontent _a1 _ba1 |
||
| 337 |
_2rdamedia _a2 _b5 |
||
| 338 |
_2rdacarrier _a2 _b5 |
||
| 500 | _aIncluye índices (p. 207-219) | ||
| 505 | 0 | 0 | _aFuentes y transmisión - Profecía y redacción - Autores y audiencias |
| 563 | _aRústico | ||
| 650 | 0 |
_aBiblia _916 |
|
| 653 | _aBiblia - Antiguo Testamento - Reyes | ||
| 720 | _aAdam, Klaus-Peter | ||
| 942 | _cBK | ||